Prajanan : Journal of Social Management Sciences (Record no. 97660)

MARC details
000 -LEADER
fixed length control field 00305nam a2200097Ia 4500
008 - FIXED-LENGTH DATA ELEMENTS--GENERAL INFORMATION
fixed length control field 230206s9999 xx 000 0 und d
041 ## - LANGUAGE CODE
Language code of text/sound track or separate title eng
100 ## - MAIN ENTRY--PERSONAL NAME
Personal name T. S. Ravisankar, Ed.
9 (RLIN) 119211
245 ## - TITLE STATEMENT
Title Prajanan : Journal of Social Management Sciences
260 ## - PUBLICATION, DISTRIBUTION, ETC. (IMPRINT)
Date of publication, distribution, etc. 1997
Name of publisher, distributor, etc. National Institute of Bank Management
Place of publication, distribution, etc. Pune
Holdings
Withdrawn status Lost status Damaged status Not for loan Home library Current library Date acquired Vendor Serial Enumeration / chronology Total Checkouts Full call number Barcode Date last seen Bill Date Koha item type Original Barcode
        Smt. Hiraben Nanavati Institute of Management & Research for Women Smt. Hiraben Nanavati Institute of Management & Research for Women 14/06/2014 Satya Gilani April 97 to October 97 (Vol. 26 No. 1 to Vol. 26 No. 3)   658/RAV BV0089 HIMR-BV-89 06/02/2023 14/06/2014 Bound Volume BV0089
        Smt. Hiraben Nanavati Institute of Management & Research for Women Smt. Hiraben Nanavati Institute of Management & Research for Women 14/06/2014 Satya Gilani January 98 to October 98 (Vol. 26 No. 4 to Vol. 27 No. 3)   658/RAV BV0090 HIMR-BV-90 06/02/2023 14/06/2014 Bound Volume BV0090